Vancouver neighbourhood quiz (HARD) - Statistics

General Stats
  • This quiz has been taken 26 times
  • The average score is 17 of 40
Answer Stats
Hint Answer % Correct
Laid back, hip, beachside lifestyle. Iconic neighbourhood on theWestern End of Vancouver. Kitsilano
84%
Craft beer, bicycle worship, techbros, microbreweries and steep hills.Most central neighbourhood in Vancouver. Mount Pleasant
74%
Big quiet residential retreat in Downtown Vancouver. Iconic ultra-dense Vancouver neighbourhood known for it's beaches, tree lined streets, and diverse community. West End
74%
Far far away from all of Vancouver's problems. Upscale. Quiet, leafy green streets and perfectly mowed lawns. Just a stone's throw from UBC. Dunbar
68%
Iconic trendy neighbourhood on the south end of Downtown Vancouver. Has a reputation for things like plastic surgery, partying, influencers, etc. Yaletown
68%
Trendy, touristy, bricks, old buildings, and cafe's. Gastown
63%
Suburban, quiet, working class, located in South Vancouver.An area historically associated with Punjabi-Canadians. Sunset
63%
Iconic legendary neighbourhood home to Vancouver's original Chinese community. Chinatown
58%
Large Filipino-Canadian population. The location of Vancouver's worst modern tragedy that occurred in 2025. Fraser
58%
A little cramped, rats, planes flying low causing old the walk-ups to shake slightly.. Lot'sof renters. Definitely has it's charm. Marpole
58%
Vancouver's Jewish neighbourhood. Iconic mall is being redeveloped here into a mini-city. Oakridge
58%
Literally in the middle of Vancouver. Very quiet, located right where East Vancouver becomes the West Side. Not too far from City Hall. Cambie
53%
Vancouver's original downtown. Impoverished, grimy, iconic and legendary. Located smack dab between 5 different neighbourhoods. Downtown Eastside
53%
Located far away from the traffic and congestion of the city, yet still an extremely bustlingarea on the West Side of Vancouver. Very upscale, and also quite dense. Kerrisdale
53%
Old money, tree lined streets, creepy mansions. Shaughnessy
53%
Mansions, little farms and horses.. Southlands
53%
Very old, narrow wooden homes, trees older than the houses, Jimi Hendrixgrew up in this neighbourhood. Strathcona
53%
Vancouver's most exclusive neighbourhood. Insanely wealthy.. Mayors, politicians, athletes, celebrities and others own property but don't necessarily live here. Also very picturesque. West Point Grey
53%
Bohemian, alternative, vegan, Little Italy. Bustling neighbourhood. Commercial Dr
47%
East Vancouver. Subruban. Kingsway forms the northern border of this neighbourhood. Southwest corner of the city. Right by Burnaby. Killarney
47%
Huge Chinese and Vietnamese population. Very working class and blue collar. Bustling neighbourhood with food stalls spilling out on to the sidewalk. Victoria
47%
Quiet, green, hilly, upscale Arbutus Ridge
42%
Suburban. Located near Burnaby. Almost feels more like Burnaby than Vancouver. Large neighbourhood, owes it's name to a large attraction located in it's neighbourhood that brings visitors in from across the province and country. Hastings Sunrise
42%
Located just north of this neighbourhood. Suburban with an open view of the North Shore mountains. Has Vancouver's only Walmart. Renfrew
42%
Sort of a rustic retreat in the middle of the city, quiet, near Vancouver's only lake. Working class. Cedar Cottage
37%
Very central, not Downtown, but part of the urban core. Very very busy transportation throughfare. Most of this neighbourhood is located on an extremely steep hill. Named after the view it has of Downtown. Fairview
37%
Shares the same name as ^ above mentioned neighbourhood ^. Large Punjabi-Canadian population. Very quiet, suburban, and peaceful. Located on a hill overlooking the river. Fraserview
37%
This neighbourhood is located just south of the ^ above mentioned ^ neighbourhood. Medium density, large Vietnamese-Canadian population. Kingsway & Knight st's form the spine of this neighbourhood. Kensington
37%
The only indigenous reserve located in Vancouver. (Technically UBC).. Musqueam
37%
New shiny glass neighbourhood built around 2010. Built on former industrial lands. Olympic Village
37%
Suits, ties, briefcases and laptops. Polished shiny and corporate. Centred on Burrard Street in Downtown. Financial District
32%
Up and coming area on the Fraser Area. River District
32%
Trendy upscale bustling street located on the southern end of the Granville Street brirdge. South Granville
26%
Smaller neighbourhood right next to ^ previous answer ^. Also suburban, but more-so townhouses and apartments than single family homes. Champlain Heights
16%
Located on the very East side of Vancouver. Historically had a large Filipino-Candian population. This area had a bad reputation in the 90s/00s but has improved significantly. Joyce Collingwood
16%
Was part of False Creek, and was filled in during the early 20th century. Flat, and industrial. You only go through here to go to Downtown or Home Depot. Feel's very transitional. False Creek Flats
11%
Iconically East Van. East Van cross is located here. Very working class, has quite a large Indigenous population. Very leafy quiet streets, even though it's located on the edge of the cities core. Sort of half inner city half suburban. Grandview Woodlands
11%
Tiny industrial area located near the port.. Very small neighbourhood, very few know about it but most locals know of it. Grimey and full of character. Railtown
11%
Small neighbourhood completely surrounded by Chinatown, Gastown, the Downtown Eastside, Downtown, and False creek. Has International Village mall and Downtown Vancouver's only elementary school. Crosstown
5%
Loud, busy, drunk and sloppy, donairs, fights, vapes, spoon guy. Iconic, almost mythical neighbourhood. Granville Entertainment District
5%
No matching quizzes found
Score Distribution
Percent of People with Each Score
Percentile by Number Answered
Your Score History
You have not taken this quiz